<?xml version="1.0" encoding="UTF-8"?>
<record
    xmlns:xsi="http://www.w3.org/2001/XMLSchema-instance"
    xsi:schemaLocation="http://www.loc.gov/MARC21/slim http://www.loc.gov/standards/marcxml/schema/MARC21slim.xsd"
    xmlns="http://www.loc.gov/MARC21/slim">

  <leader>00664nam a22002297a 4500</leader>
  <controlfield tag="003">OSt</controlfield>
  <controlfield tag="005">20251211142250.0</controlfield>
  <controlfield tag="008">210219b           ||||| |||| 00| 0 eng d</controlfield>
  <datafield tag="020" ind1=" " ind2=" ">
    <subfield code="a">9781108730112</subfield>
  </datafield>
  <datafield tag="082" ind1=" " ind2=" ">
    <subfield code="a">332.60151</subfield>
    <subfield code="b">R73E</subfield>
  </datafield>
  <datafield tag="100" ind1=" " ind2=" ">
    <subfield code="a">Ross, Sheldon M.</subfield>
  </datafield>
  <datafield tag="245" ind1=" " ind2=" ">
    <subfield code="a">An elementary introduction to mathematical finance</subfield>
    <subfield code="c">By Sheldon M. Ross</subfield>
  </datafield>
  <datafield tag="250" ind1=" " ind2=" ">
    <subfield code="a">3rd ed.</subfield>
  </datafield>
  <datafield tag="260" ind1=" " ind2=" ">
    <subfield code="a">New Delhi</subfield>
    <subfield code="b">Cambridge</subfield>
    <subfield code="c">2018</subfield>
  </datafield>
  <datafield tag="300" ind1=" " ind2=" ">
    <subfield code="a">xv, 305p.</subfield>
  </datafield>
  <datafield tag="546" ind1=" " ind2=" ">
    <subfield code="a">English</subfield>
  </datafield>
  <datafield tag="650" ind1=" " ind2=" ">
    <subfield code="a">Securities--Prices--Mathematical models</subfield>
  </datafield>
  <datafield tag="650" ind1=" " ind2=" ">
    <subfield code="a">Stochastic analysis</subfield>
  </datafield>
  <datafield tag="650" ind1=" " ind2=" ">
    <subfield code="a">Investments--Mathematics</subfield>
  </datafield>
  <datafield tag="650" ind1=" " ind2=" ">
    <subfield code="a">Options (Finance)--Mathematical models</subfield>
  </datafield>
  <datafield tag="942" ind1=" " ind2=" ">
    <subfield code="2">ddc</subfield>
    <subfield code="c">BK</subfield>
  </datafield>
  <datafield tag="999" ind1=" " ind2=" ">
    <subfield code="c">24048</subfield>
    <subfield code="d">24048</subfield>
  </datafield>
  <datafield tag="952" ind1=" " ind2=" ">
    <subfield code="0">0</subfield>
    <subfield code="1">0</subfield>
    <subfield code="2">ddc</subfield>
    <subfield code="4">0</subfield>
    <subfield code="7">0</subfield>
    <subfield code="8">TXB</subfield>
    <subfield code="a">CURAJ</subfield>
    <subfield code="b">CURAJ</subfield>
    <subfield code="c">STT</subfield>
    <subfield code="d">2021-02-19</subfield>
    <subfield code="e">Indica Publisher </subfield>
    <subfield code="g">495.00</subfield>
    <subfield code="i">2020-21/0943/29-01-2021</subfield>
    <subfield code="l">3</subfield>
    <subfield code="o">332.60151 R73E</subfield>
    <subfield code="p">35387</subfield>
    <subfield code="r">2025-09-17</subfield>
    <subfield code="s">2025-09-02</subfield>
    <subfield code="w">2021-02-19</subfield>
    <subfield code="y">BK</subfield>
  </datafield>
  <datafield tag="952" ind1=" " ind2=" ">
    <subfield code="0">0</subfield>
    <subfield code="1">0</subfield>
    <subfield code="2">ddc</subfield>
    <subfield code="4">0</subfield>
    <subfield code="7">0</subfield>
    <subfield code="8">TXB</subfield>
    <subfield code="a">CURAJ</subfield>
    <subfield code="b">CURAJ</subfield>
    <subfield code="c">STT</subfield>
    <subfield code="d">2021-02-19</subfield>
    <subfield code="e">Indica Publisher </subfield>
    <subfield code="g">495.00</subfield>
    <subfield code="i">2020-21/0943/29-01-2021</subfield>
    <subfield code="o">332.60151 R73E</subfield>
    <subfield code="p">35388</subfield>
    <subfield code="r">2021-02-19</subfield>
    <subfield code="w">2021-02-19</subfield>
    <subfield code="y">BK</subfield>
  </datafield>
  <datafield tag="952" ind1=" " ind2=" ">
    <subfield code="0">0</subfield>
    <subfield code="1">0</subfield>
    <subfield code="2">ddc</subfield>
    <subfield code="4">0</subfield>
    <subfield code="7">0</subfield>
    <subfield code="8">TXB</subfield>
    <subfield code="a">CURAJ</subfield>
    <subfield code="b">CURAJ</subfield>
    <subfield code="c">STT</subfield>
    <subfield code="d">2021-02-19</subfield>
    <subfield code="e">Indica Publisher </subfield>
    <subfield code="g">495.00</subfield>
    <subfield code="i">2020-21/0943/29-01-2021</subfield>
    <subfield code="o">332.60151 R73E</subfield>
    <subfield code="p">35389</subfield>
    <subfield code="r">2021-02-19</subfield>
    <subfield code="w">2021-02-19</subfield>
    <subfield code="y">BK</subfield>
  </datafield>
  <datafield tag="952" ind1=" " ind2=" ">
    <subfield code="0">0</subfield>
    <subfield code="1">0</subfield>
    <subfield code="2">ddc</subfield>
    <subfield code="4">0</subfield>
    <subfield code="7">0</subfield>
    <subfield code="8">TXB</subfield>
    <subfield code="a">CURAJ</subfield>
    <subfield code="b">CURAJ</subfield>
    <subfield code="c">STT</subfield>
    <subfield code="d">2021-02-19</subfield>
    <subfield code="e">Indica Publisher </subfield>
    <subfield code="g">495.00</subfield>
    <subfield code="i">2020-21/0943/29-01-2021</subfield>
    <subfield code="o">332.60151 R73E</subfield>
    <subfield code="p">35390</subfield>
    <subfield code="r">2021-02-19</subfield>
    <subfield code="w">2021-02-19</subfield>
    <subfield code="y">BK</subfield>
  </datafield>
  <datafield tag="952" ind1=" " ind2=" ">
    <subfield code="0">0</subfield>
    <subfield code="1">0</subfield>
    <subfield code="2">ddc</subfield>
    <subfield code="4">0</subfield>
    <subfield code="7">0</subfield>
    <subfield code="8">TXB</subfield>
    <subfield code="a">CURAJ</subfield>
    <subfield code="b">CURAJ</subfield>
    <subfield code="c">STT</subfield>
    <subfield code="d">2021-02-19</subfield>
    <subfield code="e">Indica Publisher </subfield>
    <subfield code="g">495.00</subfield>
    <subfield code="i">2020-21/0943/29-01-2021</subfield>
    <subfield code="o">332.60151 R73E</subfield>
    <subfield code="p">35391</subfield>
    <subfield code="r">2021-02-19</subfield>
    <subfield code="w">2021-02-19</subfield>
    <subfield code="y">BK</subfield>
  </datafield>
  <datafield tag="952" ind1=" " ind2=" ">
    <subfield code="0">0</subfield>
    <subfield code="1">0</subfield>
    <subfield code="2">ddc</subfield>
    <subfield code="4">0</subfield>
    <subfield code="7">0</subfield>
    <subfield code="8">TXB</subfield>
    <subfield code="a">CURAJ</subfield>
    <subfield code="b">CURAJ</subfield>
    <subfield code="c">STT</subfield>
    <subfield code="d">2021-02-19</subfield>
    <subfield code="e">Indica Publisher </subfield>
    <subfield code="g">495.00</subfield>
    <subfield code="i">2020-21/0943/29-01-2021</subfield>
    <subfield code="l">2</subfield>
    <subfield code="o">332.60151 R73E</subfield>
    <subfield code="p">35392</subfield>
    <subfield code="r">2024-12-11</subfield>
    <subfield code="s">2024-12-03</subfield>
    <subfield code="w">2021-02-19</subfield>
    <subfield code="y">BK</subfield>
  </datafield>
  <datafield tag="952" ind1=" " ind2=" ">
    <subfield code="0">0</subfield>
    <subfield code="1">0</subfield>
    <subfield code="2">ddc</subfield>
    <subfield code="4">0</subfield>
    <subfield code="7">0</subfield>
    <subfield code="8">TXB</subfield>
    <subfield code="a">CURAJ</subfield>
    <subfield code="b">CURAJ</subfield>
    <subfield code="c">STT</subfield>
    <subfield code="d">2021-02-19</subfield>
    <subfield code="e">Indica Publisher </subfield>
    <subfield code="g">495.00</subfield>
    <subfield code="i">2020-21/0943/29-01-2021</subfield>
    <subfield code="l">2</subfield>
    <subfield code="o">332.60151 R73E</subfield>
    <subfield code="p">35393</subfield>
    <subfield code="r">2022-10-06</subfield>
    <subfield code="s">2022-09-30</subfield>
    <subfield code="w">2021-02-19</subfield>
    <subfield code="y">BK</subfield>
  </datafield>
  <datafield tag="952" ind1=" " ind2=" ">
    <subfield code="0">0</subfield>
    <subfield code="1">0</subfield>
    <subfield code="2">ddc</subfield>
    <subfield code="4">0</subfield>
    <subfield code="7">0</subfield>
    <subfield code="8">TXB</subfield>
    <subfield code="a">CURAJ</subfield>
    <subfield code="b">CURAJ</subfield>
    <subfield code="c">STT</subfield>
    <subfield code="d">2021-02-19</subfield>
    <subfield code="e">Indica Publisher </subfield>
    <subfield code="g">495.00</subfield>
    <subfield code="i">2020-21/0943/29-01-2021</subfield>
    <subfield code="o">332.60151 R73E</subfield>
    <subfield code="p">35394</subfield>
    <subfield code="r">2021-02-19</subfield>
    <subfield code="w">2021-02-19</subfield>
    <subfield code="y">BK</subfield>
  </datafield>
  <datafield tag="952" ind1=" " ind2=" ">
    <subfield code="0">0</subfield>
    <subfield code="1">0</subfield>
    <subfield code="2">ddc</subfield>
    <subfield code="4">0</subfield>
    <subfield code="7">0</subfield>
    <subfield code="8">TXB</subfield>
    <subfield code="a">CURAJ</subfield>
    <subfield code="b">CURAJ</subfield>
    <subfield code="c">STT</subfield>
    <subfield code="d">2021-02-19</subfield>
    <subfield code="e">Indica Publisher </subfield>
    <subfield code="g">495.00</subfield>
    <subfield code="i">2020-21/0943/29-01-2021</subfield>
    <subfield code="o">332.60151 R73E</subfield>
    <subfield code="p">35395</subfield>
    <subfield code="r">2021-02-19</subfield>
    <subfield code="w">2021-02-19</subfield>
    <subfield code="y">BK</subfield>
  </datafield>
  <datafield tag="952" ind1=" " ind2=" ">
    <subfield code="0">0</subfield>
    <subfield code="1">0</subfield>
    <subfield code="2">ddc</subfield>
    <subfield code="4">0</subfield>
    <subfield code="7">0</subfield>
    <subfield code="8">TXB</subfield>
    <subfield code="a">CURAJ</subfield>
    <subfield code="b">CURAJ</subfield>
    <subfield code="c">STT</subfield>
    <subfield code="d">2021-02-19</subfield>
    <subfield code="e">Indica Publisher </subfield>
    <subfield code="g">495.00</subfield>
    <subfield code="i">2020-21/0943/29-01-2021</subfield>
    <subfield code="l">6</subfield>
    <subfield code="o">332.60151 R73E</subfield>
    <subfield code="p">35396</subfield>
    <subfield code="r">2024-10-23</subfield>
    <subfield code="s">2024-10-08</subfield>
    <subfield code="w">2021-02-19</subfield>
    <subfield code="y">BK</subfield>
  </datafield>
</record>
